| 000 | 00835nac a22002291u 4500 | ||
|---|---|---|---|
| 008 | 130922s1996 enkill |r|||| 001 0 eng d | ||
| 020 | _a0521567025 (pbk) | ||
| 020 | _a9780521567022 | ||
| 082 |
_a671.52 _bDAV _222 |
||
| 100 |
_aDavies, A. C. _933712 |
||
| 245 |
_aWelding / _cA.C. Davies. |
||
| 250 | _a10th ed. | ||
| 260 |
_aCambridge : _bCambridge University Press, _c1996. |
||
| 300 |
_axiv,896p. : _bill. ; _c22cm. |
||
| 490 | _aCambridge low price editions | ||
| 500 | _aOriginally published: in 2 v. as The science and practice of welding. 1992. Previous ed.: 1989. | ||
| 500 | _aOriginally published: in 2 v. as The science and practice of welding. 1992. Previous ed.: 1989. | ||
| 500 | _aDonations | ||
| 500 | _aDonations - Dr. Mostafa Gouda | ||
| 650 |
_aWelding. _933713 |
||
| 942 |
_cBB _k671.52 DAV _2ddc |
||
| 999 |
_c1655 _d1655 |
||